| 000 | 00836cam a22002651 4500 | ||
|---|---|---|---|
| 001 | 16642 | ||
| 003 | BD-RjUL | ||
| 005 | 20211209000032.0 | ||
| 008 | 140215r19661963caua b 000 0 eng | ||
| 035 | _a(BD-RjUL)16697 | ||
| 035 | _a(OCoLC)970599 | ||
| 040 |
_aDLC _cOTU _dOCoLC _dDLC _dBD-RjUL _beng |
||
| 041 | _aeng | ||
| 082 | 0 | 4 |
_a797.2 _bMES 1966 |
| 100 | 1 |
_aMeyers, Carlton R. _951414 |
|
| 245 | 1 | 0 |
_aSwimming and diving officiating / _cby Carlton R. Meyers [and] William H. Sanford, III. |
| 260 |
_aPalo Alto, Calif. : _bNational Press, _cc1963 [revised ed. 1966]. |
||
| 300 |
_aviii, 88 p. : _billus. ; _c22 cm. |
||
| 504 | _aBibliography: p. 87-88. | ||
| 650 | 0 |
_aSwimming _xOfficiating. _951415 |
|
| 700 | 1 |
_aSanford, William H., _ejoint author. _951416 |
|
| 942 |
_2ddc _cBK |
||
| 999 |
_c16642 _d16642 |
||